XML specification guide
The book provides a complete explanation of XML structure, syntax, and rules, built around detailed examples; a comprehensive specification guide to XML; in-depth coverage of namespaces ans schemas; a detailed dicussion of the Unicode character sets and their relationship to XML; a detailed glossary...
Bewaard in:
| Hoofdauteur: | |
|---|---|
| Formaat: | Boek |
| Taal: | Undetermined |
| Gepubliceerd in: |
New York
John Wiley & Sons
1999
|
| Onderwerpen: | |
| Tags: |
Voeg label toe
Geen labels, Wees de eerste die dit record labelt!
|
| Thư viện lưu trữ: | Trung tâm Học liệu Trường Đại học Cần Thơ |
|---|
| LEADER | 00911nam a2200181Ia 4500 | ||
|---|---|---|---|
| 001 | CTU_42415 | ||
| 008 | 210402s9999 xx 000 0 und d | ||
| 082 | |a 005.72 | ||
| 082 | |b G739 | ||
| 100 | |a Graham, Ian S. | ||
| 245 | 0 | |a XML specification guide | |
| 245 | 0 | |c Ian S. Graham, Liam Quin | |
| 260 | |a New York | ||
| 260 | |b John Wiley & Sons | ||
| 260 | |c 1999 | ||
| 520 | |a The book provides a complete explanation of XML structure, syntax, and rules, built around detailed examples; a comprehensive specification guide to XML; in-depth coverage of namespaces ans schemas; a detailed dicussion of the Unicode character sets and their relationship to XML; a detailed glossary of important XML terms; and a quick-reference guide to XML features, with illustrated examples of how they differ from HTML. | ||
| 650 | |a XML ( document markup language ) | ||
| 980 | |a Trung tâm Học liệu Trường Đại học Cần Thơ | ||